| 000 | 00711nam a2200241Ia 4500 | ||
|---|---|---|---|
| 003 | OSt | ||
| 005 | 20220926012010.0 | ||
| 006 | a|||||r|||| 00| 0 | ||
| 007 | ta | ||
| 008 | 220923b |||||||| |||| 00| 0 eng d | ||
| 037 | _cGeneral Book | ||
| 040 |
_aRTL _cRTL _beng |
||
| 041 |
_2eng _aeng |
||
| 082 | _aY, L0 | ||
| 100 |
_aMcKinney John C _9315363 |
||
| 245 | 0 |
_aTheoritical sociology _b Perspectives and developme |
|
| 260 |
_aNew York _bAppleton Century-Crofts _c1970 |
||
| 300 |
_aviii, 538p _ccm. |
||
| 650 | _aEssays Sociology | ||
| 700 |
_a Tiryakian Edward A Ed. _9123550 |
||
| 942 |
_hY, L0 _cGB _2CC |
||
| 999 |
_c621469 _d621469 |
||